Statistiques concernant Culture Générale - Série 768

Cliquez ici pour prendre le quiz!

Statistiques générales

  • Ce quiz a été pris 302 fois
  • Le résultat moyen est 6 sur 10

Statistiques - réponses

QuestionRéponse% Correct
Comment appelle-ton la larve des grenouilles et des crapauds ?têtard
89%
En 1970, quel sport Alan Shepard a-t-il pratiqué sur la Lune ?golf
78%
Dans quel pays actuel se trouve la majeure partie de la Mésopotamie ?Irak
76%
A quel célèbre dramaturge français du 17e siècle doit-on les tragédies "Bérénice" et "Phèdre" ?Jean Racine
76%
Complétez le titre du film réalisé en 1953 par Jacques Tati, "Les vacances de ...Monsieur Hulot
63%
Dans quel État des États-Unis est située la ville d'Anchorage ?Alaska
56%
Dans le film “Jules et Jim”, quelle actrice interprète la chanson “Le Tourbillon” ?Jeanne Moreau
47%
Quel nom de serpent désigne également le mouvement artistique créé en 1948, auquel appartenait le peintre Alechinsky ?cobra
43%
Dans les domaines de l'imprimerie et de la photo, comment appelle-t-on la couleur bleu-vert, ayant la propriété d'absorber du rouge ?cyan
38%
Selon la chanson de Barbara de 1964, sur quelle ville pleut-il ?Nantes
28%

Distribution des résultats

Percentile par nombre de réponses

% des personnes avec chaque résultat

Votre développement - résultats

Vous n’avez pas pris ce quiz